[Event "Mechanics' Fall TNM; 30/90, SD/30"]
[Site "San Francisco"]
[Date "2014.12.16"]
[Round "8.36"]
[White "Ronen, Ari"]
[Black "Morgan, Jerry"]
[Result "1/2-1/2"]
[WhiteElo "1629"]
[BlackElo "1561"]
[PlyCount "101"]
[EventDate "2014.??.??"]

1. e4 Nf6 2. e5 Nd5 3. Nf3 d6 4. d4 dxe5 5. dxe5 Bg4 6. c4 Nb4 7. Qxd8+ Kxd8 8.
Na3 e6 9. Bg5+ Be7 10. Rd1+ Ke8 11. Bxe7 Kxe7 12. Be2 N8c6 13. O-O a6 14. h3
Bh5 15. g4 Bg6 16. Nh4 Nxe5 17. f4 Nd7 18. f5 exf5 19. gxf5 Nf6 20. fxg6 hxg6
21. Rd4 c5 22. Rdf4 Rh6 23. Ng2 Rxh3 24. Rh4 Rh8 25. Rxh3 Rxh3 26. Rf3 Rh8 27.
Re3+ Kd6 28. Bf3 b6 29. Nb1 Nxa2 30. Nc3 Nb4 31. Nd5 Nfxd5 32. cxd5 g5 33. Kf2
a5 34. Kg3 a4 35. Ra3 b5 36. Ne3 g6 37. b3 Ra8 38. bxa4 Rxa4 39. Rxa4 bxa4 40.
Nc4+ Kd7 41. Nb6+ Kd6 42. Nxa4 Nxd5 43. Nb2 f5 44. Nc4+ Ke6 45. Bg2 Nf6 46. Bc6
f4+ 47. Kf3 Kf5 48. Nd6+ Ke5 49. Nf7+ Kd4 50. Nxg5 c4 51. Kxf4 1/2-1/2

[Event "Mechanics' Fall TNM; 30/90, SD/30"]
[Site "San Francisco"]
[Date "2014.10.28"]
[Round "2.39"]
[White "Ronen, Ari"]
[Black "Simpkins, Jerry"]
[Result "1-0"]
[WhiteElo "1639"]
[BlackElo "1500"]
[PlyCount "45"]
[EventDate "2014.??.??"]

1. e4 e5 2. Nf3 f5 3. Nc3 fxe4 4. Nxe4 d5 5. Ng3 e4 6. Nd4 Nf6 7. b3 Nc6 8. Bb2
Bc5 9. Nxc6 bxc6 10. Be2 O-O 11. O-O Qd6 12. Kh1 Nd7 13. f3 Qe7 14. fxe4 g6 15.
exd5 cxd5 16. a4 Bd6 17. Bf3 c6 18. Qe1 Qh4 19. Qe6+ Rf7 20. Qxd6 Bb7 21. Bxd5
cxd5 22. Rxf7 Kxf7 23. Qxd7+ 1-0

[Event "Mechanics' Fall TNM; 30/90, SD/30"]
[Site "San Francisco"]
[Date "2014.12.02"]
[Round "6.34"]
[White "Ronin, Ari"]
[Black "Nagle, Michael"]
[Result "1-0"]
[WhiteElo "1629"]
[BlackElo "1448"]
[Annotator "Donaldson"]
[PlyCount "47"]
[EventDate "2014.??.??"]

1. e4 e5 2. Nf3 Nc6 3. d4 exd4 4. Bc4 Be7 5. Nxd4 d6 6. Nc3 Nxd4 7. Qxd4 Bf6 8.
Qd3 Be6 9. Bf4 Ne7 10. O-O O-O 11. Rfe1 Ng6 12. Bg3 Ne5 13. Bxe5 Bxe5 14. Bxe6
fxe6 15. g3 Qg5 16. Rf1 Rf6 17. Kh1 Raf8 18. f4 {Diagram #} Bxf4 $2 (18... Qh5
$1 19. fxe5 $4 Rf2 $1 20. h4 Qg4 {turns the table.}) 19. Rxf4 Rxf4 20. gxf4
Rxf4 21. Rg1 Qh5 22. Qg3 Qf3+ 23. Qxf3 Rxf3 24. Kg2 1-0

[Event "Mechanics' Fall TNM; 30/90, SD/30"]
[Site "San Francisco"]
[Date "2014.10.21"]
[Round "1.32"]
[White "Rosenstein, Perry"]
[Black "Borgo, Seth"]
[Result "1/2-1/2"]
[WhiteElo "1767"]
[BlackElo "1150"]
[Annotator "Donaldson"]
[PlyCount "69"]
[EventDate "2014.??.??"]

1. e4 c5 2. Nf3 Nc6 3. Bc4 e6 4. O-O d6 5. d4 cxd4 6. Nxd4 Nf6 7. Nxc6 bxc6 8.
e5 dxe5 9. Qxd8+ Kxd8 10. Re1 Bd6 11. Nc3 h6 12. h3 Ke7 13. Be3 Bb4 14. Rad1
Bxc3 15. Bc5+ Ke8 16. bxc3 Nd7 17. Bb4 a5 18. Ba3 Ba6 19. Bb3 Bb5 20. c4 Ba6
21. Ba4 Rc8 22. Rd6 Bb7 23. c5 Ke7 24. Red1 Rhd8 25. Rb1 Ba6 26. Rb3 Rc7 27.
Rg3 g6 28. h4 Nf6 29. Re3 Nd7 30. g4 Rcc8 31. Bb3 Bb7 32. Re4 Rb8 33. Rc4 Ba6
34. Re4 Bb7 35. Kh2 {
the scores give out here with Black having a slight advantage.} 1/2-1/2

[Event "Mechanics' Winter TNM; 30/90, SD/30"]
[Site "San Francisco"]
[Date "2014.01.21"]
[Round "3.18"]
[White "Rosenstein, Perry"]
[Black "Campers, Willie"]
[Result "1-0"]
[WhiteElo "1546"]
[BlackElo "1791"]
[PlyCount "85"]
[EventDate "2014.??.??"]

1. e4 e6 2. d4 d5 3. Nd2 Be7 4. Ngf3 Nf6 5. e5 Nfd7 6. Bd3 c5 7. c3 Nc6 8. a3
a5 9. O-O b6 10. Qc2 Ba6 11. Bxa6 Rxa6 12. h4 O-O 13. Qd3 c4 14. Qc2 b5 15. Ng5
Bxg5 16. hxg5 Qxg5 17. Nxc4 Qe7 18. Nd6 f6 19. f4 Rb6 20. Be3 f5 21. Qe2 b4 22.
axb4 axb4 23. c4 b3 24. cxd5 exd5 25. Qd3 g6 26. Ra3 Rfb8 27. Rf3 Nf8 28. Rg3
Kh8 29. Nxf5 gxf5 30. Qxf5 Qe6 31. Qg5 Qg6 32. Qh4 Qf7 33. Qh3 Ne7 34. Ra7 R6b7
35. Ra6 Qf5 36. Qh6 Neg6 37. Rf6 Qb1+ 38. Kh2 Ra8 39. f5 Rg7 40. fxg6 Nxg6 41.
e6 Rag8 42. Bf4 Qe4 43. Be5 1-0

[Event "Mechanics' SummerTNM; 30/90, SD/30"]
[Site "San Francisco"]
[Date "2014.06.03"]
[Round "2.14"]
[White "Rosenstein, Perry"]
[Black "Cherkes, David"]
[Result "1-0"]
[WhiteElo "1725"]
[BlackElo "1965"]
[Annotator "Donaldson"]
[PlyCount "47"]
[EventDate "2014.??.??"]

1. e4 c5 2. d4 cxd4 3. c3 d3 4. c4 Nc6 5. Bxd3 e6 6. Nf3 Bb4+ 7. Bd2 Qa5 8. Nc3
Nf6 9. O-O d6 10. Nb5 Qd8 11. Bxb4 Nxb4 12. Qa4 Nc6 13. e5 dxe5 14. Rad1 Qe7
15. Nxe5 O-O 16. Nxc6 bxc6 17. Nd6 c5 18. Qa3 Qc7 19. Ne4 Nxe4 20. Bxe4 Bb7 21.
Bxb7 Qxb7 22. Rd2 Qc7 23. Rfd1 Rfd8 $4 {Diagram #} (23... Rad8 $14) 24. Qxa7 $3
1-0

[Event "Mechanics' Fall TNM; 30/90, SD/30"]
[Site "San Francisco"]
[Date "2014.12.02"]
[Round "6.24"]
[White "Rosenstein, Perry"]
[Black "Eytan, David"]
[Result "0-1"]
[WhiteElo "1767"]
[BlackElo "1496"]
[PlyCount "94"]
[EventDate "2014.??.??"]

1. e4 c5 2. Nf3 Nc6 3. d4 cxd4 4. c3 dxc3 5. Nxc3 g6 6. Bc4 Bg7 7. O-O e6 8.
Nb5 d5 9. exd5 exd5 10. Bxd5 Nge7 11. Bxc6+ Nxc6 12. Nd6+ Ke7 13. Re1+ Be6 14.
Bf4 Qd7 15. Qe2 Rhd8 16. Ng5 Nd4 17. Qe4 Kf8 18. Rad1 h6 19. Nxe6+ Nxe6 20. Be5
Bxe5 21. Qxe5 Kg8 22. Re3 Rac8 23. Red3 Rc5 24. Qg3 Qc7 25. Qf3 Ng5 26. Qe2 Rc2
27. Qe1 Rd7 28. h4 Nh7 29. Qe8+ Kg7 30. Qe5+ Kg8 31. Qe8+ Nf8 32. Qe5 Qb6 33.
Qf4 Qxb2 34. h5 Ne6 35. Qg3 Ng5 36. hxg6 fxg6 37. Qe3 Kh7 38. Qe8 Rg7 39. Qe3
Qxa2 40. Ne4 Rf7 41. R3d2 Rxd2 42. Rxd2 Qa1+ 43. Kh2 Qa4 44. Rd4 Qc6 45. f4
Nxe4 46. Rxe4 a5 47. Qe2 b5 0-1

[Event "Mechanics' SummerTNM; 30/90, SD/30"]
[Site "San Francisco"]
[Date "2014.07.01"]
[Round "6.15"]
[White "Rosenstein, Perry"]
[Black "Fomin, Gennadiy"]
[Result "0-1"]
[WhiteElo "1725"]
[BlackElo "2089"]
[PlyCount "90"]
[EventDate "2014.??.??"]

1. e4 d6 2. d4 Nf6 3. Nc3 c6 4. f4 g6 5. Nf3 Bg7 6. Be2 O-O 7. h3 Nh5 8. g4 Ng3
9. Rg1 Nxe2 10. Qxe2 Qb6 11. e5 Na6 12. b3 c5 13. Nd5 Qd8 14. Nc3 cxd4 15. Nb5
d3 16. Qxd3 dxe5 17. Qxd8 Rxd8 18. fxe5 Be6 19. Bb2 Nb4 20. Nbd4 Bd5 21. O-O-O
Nxa2+ 22. Kb1 Nb4 23. Rge1 Rac8 24. c3 Bxf3 25. Nxf3 Nd3 26. Re3 Nxb2 27. Rxd8+
Rxd8 28. Kxb2 Kf8 29. Kc2 Ke8 30. Re4 Rd5 31. c4 Ra5 32. Kd3 Ra1 33. g5 Rb1 34.
Nd4 Rg1 35. h4 Rg3+ 36. Kd2 h6 37. Ke2 h5 38. Kf2 Rg4 39. Ke3 e6 40. Nf3 Kd7
41. Rxg4 hxg4 42. Nh2 g3 43. Nf3 Kc6 44. b4 Bf8 45. c5 a5 0-1

[Event "Mechanics' SummerTNM; 30/90, SD/30"]
[Site "San Francisco"]
[Date "2014.06.17"]
[Round "4.7"]
[White "Rosenstein, Perry"]
[Black "Fuentes, Romulo"]
[Result "0-1"]
[WhiteElo "1725"]
[BlackElo "2225"]
[Annotator "Donaldson"]
[PlyCount "48"]
[EventDate "2014.??.??"]

1. e4 c5 2. d4 cxd4 3. c3 dxc3 4. Nxc3 Nc6 5. Nf3 a6 6. Bc4 e6 7. O-O Bc5 8.
Bf4 b5 9. Bb3 Nge7 10. Qe2 O-O 11. Rac1 Qb6 12. Rfd1 Ng6 13. Bg3 Nd4 14. Nxd4
Bxd4 15. h4 $2 (15. Qd2 Bf6 16. Qd6 $11) 15... Be5 16. h5 Bxg3 17. hxg6 fxg6
18. Rf1 Bb7 19. Rcd1 Rf7 20. Nd5 exd5 21. exd5 d6 22. Kh1 Rxf2 23. Rxf2 Qxf2
24. Qe6+ Qf7 0-1

[Event "Mechanics' Whitehead TNM; 30/90, SD/30"]
[Site "San Francisco"]
[Date "2014.09.16"]
[Round "7.21"]
[White "Rosenstein, Perry"]
[Black "Furukawa, Jon"]
[Result "1-0"]
[WhiteElo "1767"]
[BlackElo "1531"]
[PlyCount "57"]
[EventDate "2014.??.??"]

1. e4 e5 2. Nf3 Nc6 3. Bc4 Bc5 4. c3 d6 5. d4 exd4 6. cxd4 Bb4+ 7. Nc3 Nge7 8.
d5 Bxc3+ 9. bxc3 Ne5 10. Nxe5 dxe5 11. O-O O-O 12. f4 exf4 13. Bxf4 Ng6 14. Bg3
Qg5 15. Qd4 c5 16. Qxc5 Ne5 17. Bb3 Ng4 18. Rae1 Ne5 19. Qd4 Re8 20. d6 Be6 21.
Bxe6 Rxe6 22. Rf5 Nc6 23. Rxg5 Nxd4 24. cxd4 Kf8 25. Rd5 Rd8 26. Rc5 Ke8 27.
Rc7 Rd7 28. e5 f6 29. d5 1-0

[Event "Mechanics' Fall TNM; 30/90, SD/30"]
[Site "San Francisco"]
[Date "2014.11.18"]
[Round "4.21"]
[White "Rosenstein, Perry"]
[Black "Manvelyan, Hovik"]
[Result "0-1"]
[WhiteElo "1767"]
[BlackElo "2005"]
[Annotator "Donaldson"]
[PlyCount "58"]
[EventDate "2014.??.??"]

1. e4 d5 2. exd5 Nf6 3. Nf3 Nxd5 4. Bc4 Nc6 5. d4 Bg4 6. O-O e6 7. Re1 Be7 8.
c3 O-O 9. Bb3 b5 10. h3 Bh5 11. a4 b4 12. a5 Rb8 13. g4 Bg6 14. c4 Nf6 15. d5
Bxb1 16. Rxb1 exd5 17. cxd5 Nxa5 18. Ne5 Bd6 19. Ra1 Bxe5 20. Rxa5 Qd6 21. Qd3
Rfe8 22. Kh1 Qb6 23. f4 Bxf4 24. Rxe8+ Rxe8 25. Bxf4 Qxa5 26. d6 Qa1+ 27. Kg2
Qxb2+ 28. Kg3 Ne4+ 29. Kh4 Qf6+ 0-1

[Event "Mechanics' Winter TNM; 30/90, SD/30"]
[Site "San Francisco"]
[Date "2014.02.18"]
[Round "7.9"]
[White "Rosenstein, Perry"]
[Black "Manvelyan, Hovik"]
[Result "0-1"]
[WhiteElo "1546"]
[BlackElo "1925"]
[PlyCount "96"]
[EventDate "2014.??.??"]

1. e4 e6 2. d4 d5 3. Nc3 Bb4 4. e5 c5 5. Qg4 Ne7 6. Nf3 Nf5 7. Bd3 h5 8. Qf4
Nxd4 9. Nxd4 cxd4 10. Qxd4 Nc6 11. Bb5 Bd7 12. Bxc6 Bxc3+ 13. Qxc3 Bxc6 14. Qg3
Qb6 15. Qxg7 Qb4+ 16. Bd2 Qe4+ 17. Be3 O-O-O 18. O-O-O Rhg8 19. Qxf7 Qa4 20.
Qxe6+ Kb8 21. Kb1 Rge8 22. Qf5 d4 23. Bf4 Rd5 24. Qd3 Rc8 25. Qb3 Qa6 26. e6+
Ka8 27. e7 Rc5 28. Rxd4 Qe2 29. Rd8 Be8 30. Rhd1 Qxe7 31. Rxc8+ Rxc8 32. Qd3
Qc5 33. Be3 Qc6 34. g3 Bg6 35. Qc3 $2 (35. Qd4 $18) 35... Bxc2+ 36. Kxc2 Qe4+
$6 (36... Qa4+ 37. Kc1 Rxc3+ 38. bxc3 b6 $11) 37. Rd3 Rxc3+ 38. Kxc3 $16 b6 39.
f4 $2 (39. b4) 39... Kb7 40. h3 Qe6 41. h4 Qxa2 42. Rd7+ Kc6 43. Rh7 Qa5+ 44.
Kb3 Qd5+ 45. Kc3 Qe6 46. Bd4 Qe1+ 47. Kd3 Qxg3+ 48. Be3 Qg6+ 0-1

[Event "Mechanics' Winter TNM; 30/90, SD/30"]
[Site "San Francisco"]
[Date "2014.02.25"]
[Round "8.16"]
[White "Rosenstein, Perry"]
[Black "Morton, Adam"]
[Result "1-0"]
[WhiteElo "1546"]
[BlackElo "2033"]
[PlyCount "39"]
[EventDate "2014.??.??"]

1. e4 e5 2. Nf3 Nc6 3. Bc4 Nf6 4. Ng5 d5 5. exd5 b5 6. Bf1 Nd4 7. c3 Nxd5 8.
cxd4 Qxg5 9. Bxb5+ Bd7 10. Bxd7+ Kxd7 11. O-O Bd6 12. Qf3 exd4 13. d3 Qe5 14.
Qxf7+ Ne7 15. f4 Qe2 16. Qc4 g5 17. Qxd4 gxf4 18. Nc3 Qh5 19. Bxf4 Rhg8 20. Ne4
1-0

[Event "Mechanics' Fall TNM; 30/90, SD/30"]
[Site "San Francisco"]
[Date "2014.11.04"]
[Round "3.37"]
[White "Rosenstein, Perry"]
[Black "Purland, Matthew"]
[Result "1-0"]
[WhiteElo "1767"]
[BlackElo "1479"]
[PlyCount "53"]
[EventDate "2014.??.??"]

1. e4 e6 2. d4 d5 3. exd5 exd5 4. Nf3 Nc6 5. c4 Bb4+ 6. Nc3 Nge7 7. Bd3 Bg4 8.
a3 Bxf3 9. Qxf3 Nxd4 10. Qg4 Bxc3+ 11. bxc3 Ne6 12. O-O dxc4 13. Bxc4 O-O 14.
Bxe6 fxe6 15. Qxe6+ Kh8 16. Bg5 Re8 17. Rfe1 Qd3 18. Qf7 Qxc3 19. Bxe7 c5 20.
Rac1 Qd2 21. Red1 Qe2 22. Bxc5 b6 23. Be3 Rf8 24. Qc4 Qb2 25. Qc3 Qe2 26. Rd7
Qg4 27. Rxg7 1-0

[Event "Mechanics' Whitehead TNM; 30/90, SD/30"]
[Site "San Francisco"]
[Date "2014.09.02"]
[Round "5.24"]
[White "Rosenstein, Perry"]
[Black "Sachs-Weintraub, Julian"]
[Result "1-0"]
[WhiteElo "1767"]
[BlackElo "850"]
[PlyCount "39"]
[EventDate "2014.??.??"]

1. e4 e5 2. Nf3 Nc6 3. Bc4 d6 4. O-O Bg4 5. h3 Bh5 6. c3 Nf6 7. d4 Nxe4 8. d5
Ne7 9. Re1 Nf6 10. Bg5 e4 11. Bxf6 exf3 12. Bb5+ c6 13. dxc6 bxc6 14. Bxc6+ Qd7
15. Bxd7+ Kxd7 16. Qa4+ Kd8 17. Qa5+ Ke8 18. Bxe7 Bxe7 19. Qxh5 fxg2 20. Qe2
1-0

[Event "Mechanics' Winter TNM; 30/90, SD/30"]
[Site "San Francisco"]
[Date "2014.02.04"]
[Round "5.17"]
[White "Rosenstein, Perry"]
[Black "Shnaiderman, Lazar"]
[Result "1-0"]
[WhiteElo "1546"]
[BlackElo "1901"]
[PlyCount "53"]
[EventDate "2014.??.??"]

1. e4 c5 2. d4 cxd4 3. c3 dxc3 4. Nxc3 e6 5. Nf3 a6 6. Bc4 b5 7. Bb3 Bb7 8. Qe2
d6 9. O-O Nd7 10. Rd1 Ngf6 11. Bf4 Qb8 12. Rac1 Be7 13. Ng5 Nc5 14. e5 Nxb3 15.
axb3 dxe5 16. Bxe5 Qa7 17. Nxb5 axb5 18. Qxb5+ Kf8 19. Rc7 Rd8 20. Rxd8+ Bxd8
21. Rxf7+ Kg8 22. Bd6 Qa1+ 23. Qf1 Qxf1+ 24. Kxf1 Ba6+ 25. Ke1 g6 26. Rf8+ Kg7
27. Nxe6+ 1-0

[Event "Mechanics' Winter TNM; 30/90, SD/30"]
[Site "San Francisco"]
[Date "2014.02.04"]
[Round "5.36"]
[White "Ross, David"]
[Black "Cole, Tony"]
[Result "1-0"]
[WhiteElo "1102"]
[BlackElo "1487"]
[Annotator "Donaldson"]
[PlyCount "87"]
[EventDate "2014.??.??"]

1. e4 e5 2. Nf3 Nc6 3. Bb5 Nge7 4. O-O a6 5. Ba4 (5. Bc4 $5) 5... d6 6. c3 Bd7
7. d4 exd4 8. cxd4 d5 9. e5 Bg4 10. Be3 Ng6 11. Nbd2 Qd7 12. Qc2 b5 13. Bb3 Bb4
14. a3 Bxd2 15. Nxd2 O-O 16. Rac1 Nge7 17. Ba2 Rac8 18. Nb3 b4 19. Nc5 Qd8 20.
Nxa6 bxa3 21. bxa3 Bf5 22. Qc3 Na7 23. Nc5 c6 24. a4 Ra8 25. Bb1 Bg6 26. Bg5
Bxb1 27. Rxb1 Nac8 28. Rb7 h6 29. Bh4 g5 30. Bg3 Ng6 31. Qc2 Nce7 32. Nd7 Qc8 {
Diagram #} 33. Nf6+ $1 Kg7 34. Rxe7 $1 Qd8 35. Rd7 Qb6 36. Rd1 Kh8 37. h4 gxh4
38. Bxh4 Ra7 39. Rxa7 Qxa7 40. Bg3 Kg7 41. Qf5 Qxa4 42. Rb1 Qxd4 43. Nh5+ Kg8
44. Qf6 1-0

[Event "Mechanics' SummerTNM; 30/90, SD/30"]
[Site "San Francisco"]
[Date "2014.07.15"]
[Round "8.21"]
[White "Ross, David"]
[Black "Flores, David"]
[Result "1/2-1/2"]
[WhiteElo "1348"]
[BlackElo "1732"]
[Annotator "Donaldson"]
[PlyCount "77"]
[EventDate "2014.??.??"]

1. e4 g6 2. d4 Bg7 3. Nf3 (3. c4 d6 4. Nc3 Nc6 5. Be3 e5 6. d5 Nce7 7. g4 f5 8.
gxf5 gxf5 9. Qh5+ Ng6 10. exf5 Qh4) 3... d6 4. c4 Nc6 (4... Bg4 5. Nc3 Nc6 6.
d5 Nd4 7. Be3 c5) 5. Be3 Nf6 (5... e5 6. d5 Nce7 7. c5) 6. Nbd2 (6. Nc3) 6...
O-O 7. h3 Nd7 8. Be2 e5 9. d5 Ne7 (9... Nd4 10. Bxd4 (10. O-O) 10... exd4 11.
Nb3 d3) 10. O-O f5 11. Bg5 (11. Ng5 f4 (11... Nf6 12. f4) 12. Ne6 Qe8 13. Nxc7
Qd8 14. Nxa8 fxe3 15. fxe3 Rxf1+ 16. Bxf1 b6 17. c5 bxc5 (17... dxc5 18. d6 Nc6
19. Nc7) 18. Qb3) 11... h6 12. Bxe7 Qxe7 13. b4 a5 14. a3 fxe4 15. Nxe4 Rf4 16.
Nfd2 Nf6 17. Bd3 Bf5 18. Qc2 Rh4 19. Nxf6+ Qxf6 20. Bxf5 (20. Ne4) 20... gxf5 (
20... Qxf5) 21. Nf3 Rf4 22. Ne1 $2 e4 23. Rb1 b6 24. c5 (24. g3) 24... Qg6 25.
cxd6 Qxd6 26. g3 axb4 27. Qc6 Qxc6 28. dxc6 bxa3 29. gxf4 a2 30. Nc2 axb1=Q 31.
Rxb1 Ra5 32. Ne3 Bd4 (32... Rc5 33. Rd1 Bf8 34. Rd8 Kf7 35. Rd7+ Ke6 36. Rxc7
Bd6 37. Rc8 Bxf4) 33. Rd1 Bxe3 34. fxe3 Ra8 35. Rd7 Rc8 36. Kf2 h5 37. Ke2 h4
38. Kd2 Kf8 39. Kc3 1/2-1/2

[Event "Mechanics' Winter TNM; 30/90, SD/30"]
[Site "San Francisco"]
[Date "2014.02.25"]
[Round "8.35"]
[White "Ross, David"]
[Black "Frank, Robert"]
[Result "1-0"]
[WhiteElo "1102"]
[BlackElo "1396"]
[PlyCount "29"]
[EventDate "2014.??.??"]

1. e4 e5 2. Nf3 Nf6 3. Nxe5 d6 4. Nf3 Nxe4 5. Nc3 Nxc3 6. dxc3 Qe7+ 7. Be3 Bg4
8. h3 Bh5 9. Qd5 Bxf3 10. Qxf3 c5 11. Bb5+ Kd8 12. O-O-O g6 13. Bxc5 Qc7 14.
Qf6+ Qe7 15. Rxd6+ 1-0

[Event "Mechanics' SummerTNM; 30/90, SD/30"]
[Site "San Francisco"]
[Date "2014.06.24"]
[Round "5.28"]
[White "Ross, David"]
[Black "Oca, Homer"]
[Result "1-0"]
[WhiteElo "1348"]
[BlackElo "1711"]
[Annotator "Winslow,Elliott C"]
[PlyCount "91"]
[EventDate "2014.??.??"]

1. e4 a6 2. d4 h6 3. Nf3 b5 4. Nc3 e6 5. Bd3 Bb7 6. O-O d6 7. Re1 Ne7 8. Ne2
Nd7 9. Ng3 g6 10. Be3 Bg7 11. c3 O-O 12. Qd2 Kh7 13. h4 f5 14. Nh2 e5 15. exf5
Nxf5 16. Nxf5 gxf5 17. g3 c5 18. dxe5 Nxe5 19. Bxf5+ Rxf5 20. Qc2 Qf6 21. g4
Nxg4 22. Nxg4 Qxh4 $2 (22... Qg6) 23. Qxf5+ Kh8 24. Nh2 Be5 25. Nf3 Rg8+ 26.
Kf1 Qc4+ 27. Re2 Be4 28. Nxe5 dxe5 29. Qxe5+ Kh7 30. Rd1 Bg2+ 31. Ke1 Bh3 32.
Qh2 Qxa2 33. Rd7+ Kg6 34. Qg3+ Kf6 35. Bd4+ cxd4 36. Qe5+ Kg6 37. Rd6+ Kh7 38.
Qxd4 Rg1+ 39. Kd2 Qxb2+ 40. Ke3 Qc1+ 41. Qd2 Bf5 42. Qxc1 Rxc1 43. Kf4 Kg8 44.
Kxf5 Rxc3 45. Kg6 Kf8 46. Rd8# 1-0

[Event "Mechanics' SummerTNM; 30/90, SD/30"]
[Site "San Francisco"]
[Date "2014.06.03"]
[Round "2.18"]
[White "Ross, David"]
[Black "Wang, Yuan"]
[Result "0-1"]
[WhiteElo "1348"]
[BlackElo "1887"]
[Annotator "Donaldson"]
[PlyCount "80"]
[EventDate "2014.??.??"]

1. e4 c5 2. Nf3 d6 3. d4 cxd4 4. Nxd4 Nf6 5. Nc3 g6 6. Be3 Bg7 7. f3 O-O 8. Qd2
Nc6 9. O-O-O Bd7 10. h4 Rc8 11. g4 Ne5 12. h5 Qa5 13. Kb1 {Diagram #} Nxf3 14.
Nxf3 Rxc3 15. Qxc3 Qxc3 16. bxc3 Nxe4 {
This is not a novelty, but almost always played (and for good reason) is} (
16... Bxg4 {with the followup} 17. Bg2 Nxe4 18. Rd3 Nxc3+) 17. Rd3 $1 Bxg4 18.
Nd4 $1 {Much better than} (18. Bg2 {transposing to the previous line.}) 18...
Rc8 19. Kb2 (19. Bh3 $1) 19... Nc5 20. hxg6 Nxd3+ 21. cxd3 hxg6 22. Bh3 $2 ({
The wrong idea. White should keep the bishops on the board. After} 22. Bg2 $1
$16 {
he would be firmly in control. Every trade helps Black's pawns become stronger.
}) 22... Bxh3 23. Rxh3 Rc5 24. c4 a6 25. Kc2 Ra5 26. Kb3 Rh5 27. Rxh5 gxh5 28.
Nf5 Bf6 29. Bf2 Kh7 30. Kc2 Kg6 31. Ng3 h4 32. Ne4 Kh5 33. Nxf6+ exf6 34. Bg1
Kg4 35. Bh2 Kf3 $2 (35... f5 36. d4 $2 (36. Kd2 $11) 36... f4 $19) 36. Bxd6 $2
(36. d4 $1) 36... f5 37. d4 f4 38. Bxf4 Kxf4 39. d5 Ke5 40. Kd2 h3 0-1

[Event "Mechanics' Fall TNM; 30/90, SD/30"]
[Site "San Francisco"]
[Date "2014.12.16"]
[Round "8.30"]
[White "Ross, David Yaguda"]
[Black "Eastham, Asher"]
[Result "1-0"]
[WhiteElo "1511"]
[BlackElo "1339"]
[Annotator "Donaldson"]
[PlyCount "39"]
[EventDate "2014.??.??"]

1. e4 e5 2. Nf3 Nc6 3. Bb5 a6 4. Ba4 Nf6 5. O-O Nxe4 6. d4 b5 7. Bb3 d5 8. dxe5
Be6 9. Nbd2 Nc5 10. c3 Be7 11. Bc2 O-O 12. Re1 d4 13. cxd4 Nxd4 14. Nxd4 Qxd4
15. Qe2 {
So far so theory! This position has been tested in many Grandmaster games.} f6
(15... Rad8 {and}) (15... Rfd8 {are the main moves here. The text ia a novelty
but appears to be quite playable.}) 16. Nf3 Qd7 (16... Qc4 $1 {and Black is
doing fine. The exchange of queens normally favors Black in the Open variation
of the Ruy Lopez because White is often trying to generate a kingside attack.})
17. b4 Nb7 $2 {Diagram #} ({The in between move} 17... Bc4 $1 {
would avoid the troubles which follow.}) 18. Qe4 $2 (18. Rd1 $1 Qc8 19. Nd4 {
would have given White an overwhelming advantage. The text looks like a
classic double attack against h7 and b7 but both players overlooked a nice
resource for the second player.}) 18... c5 $4 (18... f5 $1 {as} 19. Qxb7 {
is met by} Rfb8 {trapping the queen!}) 19. Qxh7+ Kf7 20. Bg6# 1-0

[Event "Mechanics' Whitehead TNM; 30/90, SD/30"]
[Site "San Francisco"]
[Date "2014.09.02"]
[Round "5.21"]
[White "Ross, David Yaguda"]
[Black "Matz, James"]
[Result "0-1"]
[WhiteElo "1348"]
[BlackElo "1785"]
[PlyCount "36"]
[EventDate "2014.??.??"]

1. e4 e6 2. d4 d5 3. Nc3 Bb4 4. e5 Ne7 5. Qg4 Ng6 6. Bd3 c5 7. a3 cxd4 8. Qxd4
Nc6 9. Bb5 Bxc3+ 10. Qxc3 Bd7 11. Bxc6 Bxc6 12. Qd4 Rc8 13. Nf3 Qa5+ 14. c3 Qa6
15. Be3 b6 16. b3 O-O 17. c4 dxc4 18. bxc4 Rfd8 0-1

[Event "Mechanics' Fall TNM; 30/90, SD/30"]
[Site "San Francisco"]
[Date "2014.11.25"]
[Round "5.41"]
[White "Ross, David Yaguda"]
[Black "McCarty-Snead, Fianna"]
[Result "1-0"]
[WhiteElo "1511"]
[BlackElo "705"]
[PlyCount "27"]
[EventDate "2014.??.??"]

1. e4 e5 2. Nf3 Nc6 3. Bb5 Bc5 4. O-O Nf6 5. d3 Ng4 6. h3 Nxf2 7. Rxf2 Bxf2+ 8.
Kxf2 Nd4 9. Nxd4 exd4 10. Bc4 Qf6+ 11. Qf3 Qh4+ 12. g3 Qxh3 13. Qxf7+ Kd8 14.
Bg5# 1-0

[Event "Mechanics' Whitehead TNM; 30/90, SD/30"]
[Site "San Francisco"]
[Date "2014.08.12"]
[Round "2.13"]
[White "Ross, David Yaguda"]
[Black "Winslow, Elliott"]
[Result "1/2-1/2"]
[WhiteElo "1348"]
[BlackElo "2254"]
[Annotator "Winslow,Elliott C"]
[PlyCount "75"]
[EventDate "2014.??.??"]

1. e4 d6 2. Nf3 Nf6 3. Nc3 g6 4. d4 Bg7 5. Bd3 {
There are no comments on this position! In order the most (more) popular:} (5.
Be2) (5. h3) (5. Bc4) (5. Be3) (5. Bg5) (5. Bf4) 5... O-O (5... Bg4 6. Be3 Nc6
7. h3 Bxf3 8. Qxf3 Nd7 9. Bc4 O-O 10. O-O-O e5 11. d5 Nd4 12. Qg3 c6 13. h4 Nb6
14. Bd3 h5 15. f4 cxd5 16. Nxd5 Nxd5 17. exd5 e4 18. Bxd4 Bxd4 19. Bxe4 Qf6 20.
c3 Bc5 21. f5 {1-0 (33) Polgar,J (2727)-Chernin,A (2587) Calatrava 2007}) ({
At least} 5... c6 {scores very well...}) 6. O-O c6 $6 (6... Bg4 {
has a plus score on all replies (!)}) (6... Nbd7) (6... Nc6 $1 {
was my intention, since} 7. d5 (7. h3 Nd7 $5 (7... e5 $5 8. dxe5 dxe5) (7...
Re8 $5)) 7... Nb4 {
actually makes sense (looking for a reason Bd3 is bad). But I forgot...}) 7.
Re1 Nbd7 (7... Qc7 $5) 8. Ne2 $5 (8. e5) 8... e5 9. c3 Re8 10. Ng3 Nh5 $4 (
10... exd4 11. cxd4 c5 $11) 11. Nxh5 gxh5 12. Be3 $16 Nf8 13. Qb3 Qe7 14. dxe5
dxe5 15. Bc4 b5 16. Be2 Be6 17. Qc2 (17. Qb4 $5) 17... Ng6 18. Ng5 $6 Bg4 19.
Nf3 (19. h3 Nf4 20. hxg4 Qxg5 21. Bxf4 exf4 22. gxh5) 19... Nf4 20. Bxf4 (20.
h3) 20... exf4 21. Nd4 (21. Rad1) (21. e5) (21. h3) 21... Bxd4 $2 (21... Qg5
22. Bxg4 hxg4 23. Nxc6 f3 24. Qd3) 22. cxd4 Qxe4 $4 (22... Bxe2 23. Rxe2 Rac8
24. f3 c5 25. d5) 23. Qxe4 Rxe4 24. f3 ({All I had looked at was} 24. Bxg4
Rxe1+ 25. Rxe1 hxg4 26. Re4 h5 (26... Rd8 27. Rxf4 c5) 27. Rxf4 Rd8) 24... Rxd4
(24... Rxe2 25. Rxe2 Be6 26. Re4 Kg7 27. Rxf4 f5) 25. fxg4 hxg4 26. Bxg4 Rad8
27. Rad1 a5 28. Rxd4 Rxd4 29. Re2 c5 30. Kf2 Kg7 31. Rc2 Kf6 32. Rxc5 Rd2+ 33.
Kf3 Rxb2 34. Rf5+ Kg6 35. Kxf4 Rxg2 36. Bh5+ Kh6 37. Bxf7 Rxh2 38. Be6 1/2-1/2